Administrative Law

Detalles Bibliográficos
Autor principal: Mullan, David
Formato: eBook
Lenguaje:inglés
Publicado: Toronto: Irwin Law Inc., 2001
Materias:
Acceso en línea:Acceso restringido

MARC

LEADER 00000nam a22000007a 4500
005 20210826230544.0
007 cr|||| ||||
008 210826s2001 ca |||||s|||| 00||0 eng d
020 |a 9781552210093 
035 |a 35247 
040 |a vLex 
090 |c 12142  |d 12142 
100 1 |a Mullan, David 
245 1 0 |a  Administrative Law  |h [Recurso electrn̤ico] /  |c David Mullan 
256 |a Servicio en ln̕ea 
260 |a Toronto:  |b Irwin Law Inc.,  |c 2001 
300 |a 1 recurso electrn̤ico 
500 |a Shortlisted for the 2003 Walter Owen Book Prize. Administrative law probably touches each of us as citizens in more ways than any other area of law. It is the body of law that ensures that governments (and government officials) deal with us in a manner that is both lawful and fair. It governs the myriad of relationships that we, as citizens, have with our governments at every turn, from our dealings with Revenue Canada, to the application for a municipal building permit. David Mullan is one of Canada’s leading scholars in the area of administrative law. His book not only provides a clear overview and analysis of this important field, it also explores the complex issues involved in balancing effective and efficient government with the protection of individual interests and concerns. 
506 1 |a Disponible solo en los productos indicados  |d vLex Global  |d vLex Global (Academic Edition, excluding Law Schools)  |d vLex Global (U.S. Academic Edition, Law Schools)  |d vLex Global (U.S. Academic Edition, excluding Law Schools)  |d vLex Global (Academic Edition, Law Schools) 
650 0 4 |a Derecho Pb︢lico y Administrativo  |z Canad̀ 
740 0 |a vLex Libros (Servicio en ln̕ea) 
856 4 0 |u https://app.vlex.com/#/sources/35247  |z Acceso restringido 
942 |c BOOK 
999 0 |a Public and Administrative Law